Cascade de personnages - Mythologie grecque et romaine - Statistiques

Statistiques générales
  • Ce quiz a été pris 112 fois
  • Le résultat moyen est 6 sur 18
Statistiques - réponses
Hint Réponse % Correct
Qui a pour père le dieu... Zeus
76%
Partons de ce roi légendaire d'Athènes très célèbre... Thésée
69%
Dont l'exploit le plus connu a été de terrasser... Le Minotaure
68%
Qui a navigué sur l'Argo sous les ordres de... Jason
60%
Qui a comme descendant ce fondateur légendaire de Rome: Romulus
57%
Qui a pour époux... Minos
46%
Qui a pour mère... Pasiphaé
37%
Qui est le grand-père de... Achille
36%
Qui a pour père et roi... Priam
26%
Qui combat à Troie avec son cousin et allié... Ajax
25%
Qui a pour époux... Énée
25%
Qui tue à l'aide de cet arc... Paris
21%
Qui avait également dans son équipage... Héraclès
20%
Qui avec la nymphe Égine engendre... Éaque
11%
Qui a pour fils... Ascagne
8%
Dont l'arc et les flèches sont récupérées à sa mort par... Philoctète
7%
Qui a pour père... Télamon
7%
Qui a pour fille (décédée dans sa fuite de Troie)... Créuse
2%
Aucun quiz correspondant
Distribution des résultats
% des personnes avec chaque résultat
Percentile par nombre de réponses
Votre historique - résultats
Vous n’avez pas pris ce quiz